B.Sc.Second Year Sem III Chemistry/ (Record no. 172936)

MARC details
000 -LEADER
fixed length control field 00888nam a22002897a 4500
005 - DATE AND TIME OF LATEST TRANSACTION
control field 20200224141122.0
010 ## - LCCN (DPL NO)
LC control number ENG-127754
020 ## - INTERNATIONAL STANDARD BOOK NUMBER
Terms of availability 150.00
International Standard Book Number 9788181804396
035 ## - SYSTEM CONTROL NUMBER
System control number EN-111286
037 ## - SOURCE OF ACQUISITION
Source of stock number/acquisition DBAD/PUB
082 ## - DEWEY DECIMAL CLASSIFICATION NUMBER
Classification number 540
100 ## - MAIN ENTRY--PERSONAL NAME
Personal name B.Sireesha
245 ## - TITLE STATEMENT
Title B.Sc.Second Year Sem III Chemistry/
Statement of responsibility, etc by B.Sireesha...[etall.]; edited by M.Adinarayana , Deva Das Manwal [and] Deva Das Manwal
260 ## - PUBLICATION, DISTRIBUTION, ETC. (IMPRINT)
Place of publication, distribution, etc Hyderabad
Date of publication, distribution, etc 2017
Name of publisher, distributor, etc Telugu Akademi
270 ## - ADDRESS
Address Telugu Akademi Himayatnagar Hyderabad
Postal code 500029
City Hyderabad
Electronic mail address info@teluguacademy.net
300 ## - PHYSICAL DESCRIPTION
Extent 378p.
Other physical details 24cm(pbk)
700 ## - ADDED ENTRY--PERSONAL NAME
Personal name Reddy,G.Thirupati
700 ## - ADDED ENTRY--PERSONAL NAME
Personal name B.Ramesh
700 ## - ADDED ENTRY--PERSONAL NAME
Personal name Goud,G.Satyanarayana
700 ## - ADDED ENTRY--PERSONAL NAME
Personal name V.Srinivas
700 ## - ADDED ENTRY--PERSONAL NAME
Personal name K.Venkata Krishna
700 ## - ADDED ENTRY--PERSONAL NAME
Personal name N.Yogibabu
700 ## - ADDED ENTRY--PERSONAL NAME
Personal name M.Adinarayana
700 ## - ADDED ENTRY--PERSONAL NAME
Personal name Manwal,Deva Das
700 ## - ADDED ENTRY--PERSONAL NAME
Personal name Rao,Venkateswara
942 ## - ADDED ENTRY ELEMENTS (KOHA)
Source of classification or shelving scheme Dewey Decimal Classification
Item type English Books
Classification part SIR
Call number prefix 540
Holdings
Withdrawn status Lost status Not for loan Collection code Home library Current library Date acquired Source of acquisition Cost, normal purchase price Full call number Barcode Copy number Cost, replacement price Koha item type
      Non-fiction Central Library Central Library 14/02/2020 DBAD/PUB 150.00 SIR EN-111286 1 150.00 English Books

© Delhi Public Library
Hit Counter
free hit counter